00949nam a2200277 a 4500001001300000003000900013005001700022008004100039020001000080082001800090100001500108245006000123260003700183300001000220500003500230505008300265650001600348650002900364650002300393700001500416902000800431942000700439952009900446952011100545999001500656nice12345678IN_TiNIC20260116013028.0050524s1990 puna grp 000 0 eng  ac11000a297.0954bGAD aGadre, G D aRole of Islam in South Asiab Past, Present and Future. aPunebAl-Fatiha Foundationc1990 a118p. aincludes index and biblioraphy2 aPapers presented to the islamic studies group of american academy of religion. aIslam-India aIslam-Relations Hinduism aIslam and Politics1 aGadre, G D bSRS cBK 00104070aHMIbHMId2018-10-09g110.00l0o297.0954 GADp014156r0000-00-00w2026-01-16yBK 00104070aHMIbHMId2018-10-09g110.00l3o297.0954 GADp014695r2024-02-01s2024-01-31w2026-01-16yBK c9340d9340